| Tag |
First Indicator |
Second Indicator |
Subfields |
| LEADER |
00000pam a2200000 a 4500 |
| 001 |
in00000409913 |
| 005 |
20151012051224.0 |
| 008 |
851023s1986 njua b 00110 eng |
| 010 |
|
|
|a 85025724
|
| 020 |
|
|
|a 0138817723 :
|c $28.95
|
| 020 |
|
|
|a 0138817642 (pbk.) :
|c $19.95
|
| 035 |
|
|
|a (OCoLC)12810590
|
| 035 |
|
|
|9 ABT4367AM
|
| 039 |
0 |
|
|a 2
|b 3
|c 3
|d 3
|e 3
|
| 040 |
|
|
|a DLC
|c DLC
|d TXA
|d UtOrBLW
|
| 049 |
|
|
|a TXAM
|c [A09306303]
|
| 050 |
0 |
0 |
|a QA76.754
|b .B52 1986
|
| 082 |
0 |
|
|a 005.4
|2 19
|
| 100 |
1 |
|
|a Biggerstaff, Ted J.
|
| 245 |
1 |
0 |
|a Systems software tools /
|c Ted J. Biggerstaff.
|
| 264 |
|
1 |
|a Englewood Cliffs, N.J. :
|b Prentice-Hall,
|c [1986]
|
| 264 |
|
4 |
|c ©1986
|
| 300 |
|
|
|a xvii, 317 pages :
|b illustrations ;
|c 24 cm.
|
| 336 |
|
|
|a text
|b txt
|2 rdacontent
|
| 337 |
|
|
|a unmediated
|b n
|2 rdamedia
|
| 338 |
|
|
|a volume
|b nc
|2 rdacarrier
|
| 490 |
1 |
|
|a Prentice Hall software series
|
| 504 |
|
|
|a Includes bibliographical references and index.
|
| 650 |
|
0 |
|a Computer software.
|
| 650 |
|
0 |
|a IBM Personal Computer
|x Programming.
|
| 650 |
|
0 |
|a C++ (Computer program language)
|
| 830 |
|
0 |
|a Prentice-Hall software series.
|
| 999 |
|
|
|a MARS
|
| 999 |
f |
f |
|s 89972d27-8566-3362-a295-57f6360bc869
|i 26b35182-0021-3885-99aa-7e5b5fdc3caf
|t 0
|
| 952 |
f |
f |
|p normal
|a Texas A&M University
|b College Station
|c Sterling C. Evans Library
|s Evans stk
|d Evans: Library Stacks
|t 0
|e QA76.754 .B52 1986
|h Library of Congress classification
|i unmediated -- volume
|m A14809306303
|
| 998 |
f |
f |
|a QA76.754 .B52 1986
|t 0
|l Evans: Library Stacks
|